00357cam a2200133 a 4500020002300000041000800023082001600031245004700047260004400094300001700138490002900155650001700184700002200201 a1570752982 (paper) aENG00a291.82bCOW00aExperiencing scripture in world religions  aMaryknoll, N.Y. :bOrbis Books,cc2000. aix, 178 p. ;1 aFaith meets faith series 0aSacred books1 aCoward, Harold G.